[Event "Foment Martinenc op-B 17th"]
[Site "Barcelona"]
[Date "2015.06.13"]
[Round "8"]
[White "Salazar Navas, Josep"]
[Black "Rossell Rodriguez, Oriol"]
[Result "1-0"]
[WhiteElo "2025"]
[BlackElo "1917"]
[PlyCount "77"]
[EventDate "2015.04.25"]
[EventType "swiss"]
[EventRounds "9"]
[EventCountry "ESP"]
[SourceTitle "EXT 2017"]
[Source "ChessBase"]
[SourceDate "2016.10.25"]
[SourceVersion "1"]
[SourceVersionDate "2016.10.25"]
[SourceQuality "1"]

1. e4 e6 2. Nf3 d5 3. Nc3 Nf6 4. e5 Nfd7 5. d4 c5 6. dxc5 Bxc5 7. Bd3 Nc6 8. Bf4 Qb6 9. 0-0 a6 10. a3 Bd4 11. Qe2 Qc7 12. Nxd5 Qa5 13. c3 Qxd5 14. cxd4 Nxd4 15. Nxd4 Qxd4 16. Bg3 0-0 17. Rad1 Qa4 18. Kh1 Re8 19. Qh5 Nf8 20. f4 Bd7 21. b3 Qxa3 22. Bxh7+ Nxh7 23. Rxd7 Re7 24. Rd3 Rc8 25. f5 exf5 26. Qxf5 Rce8 27. Bh4 Rc7 28. Rd7 Rxd7 29. Qxd7 Rxe5 30. Qxf7+ Kh8 31. Qxb7 Nf6 32. Bxf6 gxf6 33. Qc8+ Kg7 34. Qg4+ Kf7 35. Qc4+ Kg6 36. h4 Qd6 37. Qg8+ Kh5 38. Qh7+ Kg4 39. Qg6+ 1-0

[Event "Foment Martinenc op-B 17th"]
[Site "Barcelona"]
[Date "2015.05.30"]
[Round "6"]
[White "Carrey Abellan, Enric"]
[Black "Rossell Rodriguez, Oriol"]
[Result "1-0"]
[WhiteElo "2029"]
[BlackElo "1917"]
[PlyCount "129"]
[EventDate "2015.04.25"]
[EventType "swiss"]
[EventRounds "9"]
[EventCountry "ESP"]
[SourceTitle "EXT 2017"]
[Source "ChessBase"]
[SourceDate "2016.10.25"]
[SourceVersion "1"]
[SourceVersionDate "2016.10.25"]
[SourceQuality "1"]

1. d4 d5 2. c4 c6 3. Nc3 Nf6 4. e3 e6 5. Nf3 Bd6 6. Bd3 Nbd7 7. 0-0 0-0 8. e4 dxe4 9. Nxe4 Nxe4 10. Bxe4 Nf6 11. Bc2 Re8 12. Bg5 b6 13. Qd3 g6 14. Rad1 Bb7 15. Ne5 Be7 16. Ba4 b5 17. cxb5 cxb5 18. Bxb5 Qd5 19. f3 Rec8 20. Bc4 Qd8 21. Qb3 Bd5 22. Bxd5 Nxd5 23. Bxe7 Qxe7 24. Rc1 Rc7 25. Nd3 Rac8 26. Rxc7 Rxc7 27. Nc5 Qf6 28. Qb8+ Kg7 29. Rd1 Qf4 30. Qb3 Qg5 31. Re1 Qd2 32. Rd1 Qg5 33. Qd3 Nf4 34. Qd2 Nh3+ 35. Kf1 Qxd2 36. Rxd2 Nf4 37. Kf2 Kf6 38. a3 Ke7 39. Ke3 Nd5+ 40. Kd3 f6 41. g3 f5 42. b4 Rc6 43. Re2 Rb6 44. f4 h5 45. Rb2 Kd6 46. Rb3 h4 47. b5 hxg3 48. hxg3 Rb8 49. Rb2 Rh8 50. Re2 Nc7 51. a4 Rh3 52. Re3 Rh8 53. Kc4 Re8 54. a5 Nd5 55. Rb3 Rb8 56. Rb2 Ne3+ 57. Kd3 Nd5 58. Na4 Rb7 59. Nc3 Rb8 60. Na4 Rb7 61. b6 axb6 62. axb6 Kc6 63. Nc5 Rb8 64. b7 Nb6 65. Re2 1-0

[Event "Mataro op 10th"]
[Site "Mataro"]
[Date "2013.11.02"]
[Round "5"]
[White "Rossell Rodriguez, Oriol"]
[Black "Giro Castellet, Esteve"]
[Result "1-0"]
[WhiteElo "1905"]
[BlackElo "1826"]
[PlyCount "97"]
[EventDate "2013.09.28"]
[EventType "swiss"]
[EventRounds "9"]
[EventCountry "ESP"]
[SourceTitle "EXT 2016"]
[Source "ChessBase"]
[SourceDate "2015.10.08"]
[SourceVersion "1"]
[SourceVersionDate "2015.10.08"]
[SourceQuality "1"]

1. d4 d5 2. Nf3 e6 3. Bg5 Nf6 4. e3 Nbd7 5. Bd3 Be7 6. c3 b6 7. Qa4 0-0 8. Ne5 Nxe5 9. dxe5 Ne4 10. Bxe7 Qxe7 11. Bxe4 dxe4 12. Qxe4 Ba6 13. Nd2 Rad8 14. 0-0-0 Bd3 15. Qf4 Qc5 16. Nb3 Qb5 17. Nd4 Qc4 18. Nb3 Qa6 19. a3 c5 20. Rd2 Qb5 21. Na1 Be2 22. e4 Bd3 23. Rhd1 c4 24. Nc2 Rd7 25. Nb4 a5 26. Nxd3 cxd3 27. Qg3 Rfd8 28. f4 Qc4 29. Qf3 b5 30. Kb1 b4 31. cxb4 axb4 32. Rc1 Qb3 33. a4 Qxa4 34. Rxd3 Rxd3 35. Qxd3 Ra8 36. Qc4 h6 37. f5 exf5 38. exf5 Qa5 39. Qc5 Qa2+ 40. Kc2 b3+ 41. Kc3 Qa5+ 42. Qxa5 Rxa5 43. Re1 Rb5 44. Kc4 Rb8 45. Re3 Kf8 46. Rxb3 Rxb3 47. Kxb3 Ke7 48. Kc4 f6 49. Kd5 1-0